000 00276nam a2200097Ia 4500
001 650226
005 20250826154355.0
008 250824s9999 xx 000 0 und d
245 0 _aROBİNSON CRUOSE ANTİK OKUL KLASİKLERİ
_cDANIEL DEFOE
260 _bANTİK DÜNYA KLASİKLERİ
999 _c650226
_d650226